College Quizbowl Stats
College Quizbowl Stats
Circuits
Seasons
Sets
Records
Detailed Stats
About
Loading...
2024 ARCADIA Online
Tossups
Bonuses
Players
Teams
Categories (Tossup)
Categories (Bonus)
Denis Liu
ASU->Stanford->ASU pipeline
Categories
Category
Powers
Gets
Negs
BBs
Points
Earliest Buzz
Avg. Buzz
First Buzzes
Top 3 Buzzes
Auditory Arts
0
3
2
1
20
82
101.67
0
2
Fine Arts - Other Arts
0
2
0
2
20
111
125.00
0
2
Science - Other Science
0
2
0
0
20
92
104.00
0
2
Other Academic
0
1
0
0
10
105
105.00
0
0
Visual Arts
0
1
1
0
5
104
104.00
0
0
Buzzes
Category
Answer
Value
Buzz Position
Visual Arts
Royal Academy of Arts
-5
63
Auditory Arts
Ralph Vaughan Williams
-5
63
Auditory Arts
fugue
10
82
Science - Other Science
debugging
10
92
Auditory Arts
France
10
93
Visual Arts
Italy
10
104
Other Academic
Frank Herbert
10
105
Fine Arts - Other Arts
Bill Evans
10
111
Science - Other Science
snow
10
116
Auditory Arts
Adolphe Adam
-5
123
Previous
1
2
Next